[Event "London Classic - FIDE Open"]
[Site "Olympia"]
[Date "2009.12.11"]
[Round "5"]
[White "Miotti, David"]
[Black "Rodriguez Fonseca, Jorge"]
[Result "0-1"]
[WhiteElo "1380"]
[BlackElo "2032"]
[PlyCount "118"]
[EventDate "2009.??.??"]

1. e4 d5 2. exd5 Qxd5 3. Nc3 Qa5 4. d4 Nf6 5. Bd3 Bg4 6. f3 Bh5 7. Bd2 c6 8.
Nge2 e6 9. O-O Nbd7 10. b4 Bxb4 11. a3 Bxc3 12. Bxc3 Qc7 13. Ng3 Bg6 14. Ne4
Nd5 15. Bd2 Nf4 16. Bb4 Bxe4 17. fxe4 a5 18. Be1 Nxd3 19. Qxd3 e5 20. Qg3 f6
21. Qxg7 O-O-O 22. Bg3 Rdg8 23. Qh6 Rg6 24. Qh3 h5 25. dxe5 fxe5 26. Rf5 Rg4
27. Raf1 Qd6 28. Rxh5 Rhg8 29. Rh8 Qd4+ 30. Kh1 Qxe4 31. Rxg8+ Rxg8 32. Qe6 Qg6
33. Rf6 Qxf6 34. Qxg8+ Kc7 35. h4 Qf5 36. Qg7 Kb6 37. Qh8 Nf6 38. Qd8+ Kb5 39.
Qd3+ Qxd3 40. cxd3 Ng4 41. h5 Kc5 42. Be1 Kd5 43. Bxa5 Nf2+ 44. Kg1 Nxd3 45. g4
c5 46. Bd2 Ke6 47. h6 Kf7 48. Kg2 e4 49. Kg3 b5 50. g5 Kg6 51. Kg2 b4 52. axb4
cxb4 53. Kf1 b3 54. Bc3 b2 55. Bxb2 Nxb2 56. Ke2 Nc4 57. Kf2 Ne5 58. Ke3 Kf5
59. h7 Ng6 {some more moves} 0-1

[Event "London Classic - FIDE Open"]
[Site "Olympia"]
[Date "2009.12.11"]
[Round "5"]
[White "Reutimann, Hans Peter"]
[Black "Calvert, D Ian"]
[Result "1/2-1/2"]
[WhiteElo "1853"]
[BlackElo "2070"]
[PlyCount "98"]
[EventDate "2009.??.??"]

1. d4 d5 2. Nf3 Nf6 3. Bf4 c5 4. e3 Nc6 5. Nc3 cxd4 6. exd4 Bg4 7. Be2 e6 8.
O-O Be7 9. h3 Bh5 10. a3 O-O 11. Ne5 Bxe2 12. Nxe2 Rc8 13. c3 b5 14. Ng3 a5 15.
Qd3 Qb6 16. Bg5 Rc7 17. Be3 Nd7 18. f4 f5 19. Nf3 Nd8 20. Ne2 Nf6 21. Ne5 Ne4
22. g4 Nf7 23. g5 g6 24. Kg2 Rb8 25. h4 Nxe5 26. dxe5 Bc5 27. Bxc5 Nxc5 28. Qe3
Nb3 29. Qxb6 Rxb6 30. Rad1 Rc4 31. Nd4 Nxd4 32. Rxd4 Rxd4 33. cxd4 Rc6 34. Rf2
Kf7 35. Rd2 Ke7 36. Kf2 Rc1 37. Kg2 Kd7 38. Kf2 Kc6 39. Kf3 a4 40. h5 b4 41.
hxg6 hxg6 42. axb4 Kb5 43. Rh2 Kxb4 44. Rh8 Kb3 45. Rb8+ Ka2 46. Rb4 Rc6 47.
Rxa4+ Kxb2 48. Ra5 Rc3+ 49. Ke2 Rc2+ 1/2-1/2

[Event "London Classic - FIDE Open"]
[Site "Olympia"]
[Date "2009.12.11"]
[Round "5"]
[White "Yeo, Michael J"]
[Black "De Lagontrie, Jean"]
[Result "1-0"]
[WhiteElo "2153"]
[BlackElo "1855"]
[PlyCount "73"]
[EventDate "2009.??.??"]

1. e4 e6 2. d4 d5 3. Nc3 Bb4 4. Nge2 dxe4 5. a3 Be7 6. Nxe4 Nc6 7. c3 Nf6 8.
N2g3 Nxe4 9. Nxe4 O-O 10. f4 b6 11. Bd3 Bb7 12. Be3 a5 13. O-O Ba6 14. Rf3 Bxd3
15. Qxd3 a4 16. Raf1 f5 17. Nd2 Bf6 18. Rh3 g6 19. Qe2 Qd7 20. Nf3 Rad8 21. Bf2
Rfe8 22. Bh4 Bxh4 23. Rxh4 Re7 24. Ng5 Nxd4 25. cxd4 Qxd4+ 26. Qf2 Qxf2+ 27.
Rxf2 Rd1+ 28. Rf1 Rd2 29. Rh3 Rxb2 30. Rd1 h5 31. Re3 Re8 32. Nf3 c5 33. Ne5
Ra8 34. Rg3 Rb3 35. Rxg6+ Kh8 36. Rd7 c4 37. Rgg7 1-0

[Event "London Classic - FIDE Open"]
[Site "Olympia"]
[Date "2009.12.11"]
[Round "5"]
[White "Clarke, Brandon G I"]
[Black "Quinn, Joseph R"]
[Result "1-0"]
[WhiteElo "2056"]
[BlackElo "1813"]
[PlyCount "55"]
[EventDate "2009.??.??"]

1. e4 e5 2. Nf3 Nc6 3. Bc4 Bc5 4. O-O d6 5. c3 Nf6 6. b4 Bb6 7. Qb3 O-O 8. d3
h6 9. h3 a5 10. Be3 Ba7 11. Nbd2 Bd7 12. a4 axb4 13. cxb4 Ne7 14. Bxa7 Rxa7 15.
d4 Ng6 16. dxe5 dxe5 17. Rfd1 Qc8 18. Nf1 Nh5 19. b5 Nhf4 20. Rd2 Be6 21. Rad1
Bxc4 22. Qxc4 Qe6 23. Qxc7 Rxa4 24. Qxb7 Ra3 25. Ne1 Qc4 26. Qc6 Qb3 27. Ne3
Ne2+ 28. Rxe2 1-0

[Event "London Classic - FIDE Open"]
[Site "Olympia"]
[Date "2009.12.11"]
[Round "5"]
[White "Phillips, Owen S"]
[Black "Tarun, Malhotra"]
[Result "1-0"]
[WhiteElo "2003"]
[BlackElo "1735"]
[PlyCount "91"]
[EventDate "2009.??.??"]

1. Nc3 Nf6 2. d4 d5 3. Nf3 g6 4. Bf4 c6 5. h3 Bg7 6. e3 Bf5 7. Bd3 Bxd3 8. Qxd3
Nbd7 9. O-O O-O 10. Rfe1 Nh5 11. g4 Nxf4 12. exf4 e6 13. Kg2 Nb6 14. h4 Qf6 15.
Kg3 Kh8 16. g5 Qf5 17. Qxf5 gxf5 18. h5 Rfe8 19. Rh1 Kg8 20. Rae1 Nc4 21. Ne5
Bxe5 22. fxe5 Kf8 23. Na4 Ke7 24. b3 Nb6 25. Nc5 Rab8 26. Kf4 Rg8 27. Reg1 Nd7
28. Nxd7 Kxd7 29. g6 hxg6 30. hxg6 Rbf8 31. Rh7 Ke7 32. g7 Re8 33. Kg5 Rd8 34.
Kh6 Rde8 35. f4 Rd8 36. b4 b5 37. a4 a6 38. Ra1 Ra8 39. axb5 cxb5 40. Ra3 Kd7
41. Kg5 Ke7 42. Rc3 Ra7 43. Kh6 f6 44. Rh8 Kf7 45. Rxg8 Kxg8 46. Rc8+ 1-0

[Event "London Classic - FIDE Open"]
[Site "Olympia"]
[Date "2009.12.11"]
[Round "5"]
[White "Cork, David J"]
[Black "Hayward, Alan"]
[Result "1/2-1/2"]
[WhiteElo "1882"]
[BlackElo "1986"]
[PlyCount "62"]
[EventDate "2009.??.??"]

1. e4 c5 2. Nf3 d6 3. d4 cxd4 4. Nxd4 Nf6 5. Nc3 g6 6. Be3 Bg7 7. f3 O-O 8. Qd2
Nc6 9. Bc4 Nxd4 10. Bxd4 Be6 11. Bxe6 fxe6 12. O-O-O Qa5 13. g4 Rac8 14. Kb1
Rc4 15. Qe2 Rfc8 16. e5 Nd5 17. Nxd5 Qxd5 18. Bc3 Qc6 19. f4 dxe5 20. fxe5 Qb6
21. Ka1 Qc5 22. Rd3 Rf8 23. h3 Rf2 24. Qe3 Qxe3 25. Rxe3 Rxc2 26. Kb1 Rf2 27.
Rd1 Rc7 28. Red3 Rf8 29. Rd7 Rfc8 30. R7d3 Rf8 31. Rd7 Rfc8 1/2-1/2

[Event "London Classic - FIDE Open"]
[Site "Olympia"]
[Date "2009.12.11"]
[Round "5"]
[White "Tenioso, Jaydee"]
[Black "Doran, Chris"]
[Result "0-1"]
[WhiteElo "1861"]
[BlackElo "1963"]
[PlyCount "47"]
[EventDate "2009.??.??"]

1. d4 Nf6 2. Nf3 g6 3. c3 Bg7 4. Bg5 d6 5. Nbd2 c5 6. e3 O-O 7. Bd3 b6 8. Qe2
Bb7 9. h4 h5 10. O-O-O Nbd7 11. Rhg1 Rc8 12. Kb1 cxd4 13. exd4 b5 14. Nh2 Bd5
15. g4 Nxg4 16. Nxg4 hxg4 17. Bxe7 Qa5 18. c4 bxc4 19. Nxc4 Bxc4 20. Bxc4 Rfe8
21. Rde1 d5 22. b4 Qb6 23. Rxg4 Rxc4 24. Qd2 0-1

[Event "London Classic - FIDE Open"]
[Site "Olympia"]
[Date "2009.12.11"]
[Round "5"]
[White "Healeas, Simon"]
[Black "Millward, Kevin P"]
[Result "0-1"]
[WhiteElo "1801"]
[BlackElo "1942"]
[PlyCount "110"]
[EventDate "2009.??.??"]

1. d4 Nf6 2. c4 d6 3. Nc3 c6 4. e4 Nbd7 5. Be3 Qc7 6. Nf3 Ng4 7. Bd2 e5 8. Be2
Be7 9. O-O O-O 10. d5 f5 11. exf5 Ngf6 12. Ng5 Nc5 13. Ne6 Bxe6 14. fxe6 b5 15.
Be3 b4 16. Bxc5 dxc5 17. Na4 Rad8 18. Qc2 cxd5 19. cxd5 Rxd5 20. Rad1 Rfd8 21.
b3 Rxd1 22. Rxd1 Rxd1+ 23. Qxd1 Qd6 24. Qxd6 Bxd6 25. Nb2 Kf8 26. f3 Nd5 27.
Bd3 h6 28. Nc4 Ke7 29. a4 Nf4 30. Bc2 Ne2+ 31. Kf2 Nd4 32. Bd1 Kxe6 33. Ke3 Kd5
34. g4 Be7 35. Kd3 Bg5 36. h3 Bf4 37. Na5 Bg5 38. Nc4 Ne6 39. Ne3+ Bxe3 40.
Kxe3 Nf4 41. Kd2 Kd4 42. h4 Ng2 43. h5 Nf4 44. Bc2 c4 45. bxc4 Kxc4 46. Kc1 a5
47. Kb2 Nd3+ 48. Kb1 Nc5 49. Kb2 b3 50. Bb1 Nxa4+ 51. Ka3 Nc5 52. Kb2 a4 53.
Bg6 Kb4 54. Bf7 a3+ 55. Kb1 Kc3 0-1

[Event "London Classic - FIDE Open"]
[Site "Olympia"]
[Date "2009.12.11"]
[Round "5"]
[White "Hamzah Mohd Zuhri, Amier"]
[Black "Pupier, Terry"]
[Result "0-1"]
[WhiteElo "1730"]
[BlackElo "1940"]
[PlyCount "46"]
[EventDate "2009.??.??"]

1. d4 Nf6 2. c4 e6 3. Nf3 b6 4. Bg5 Bb7 5. e3 Be7 6. Nc3 d5 7. Be2 O-O 8. O-O
Nbd7 9. Rc1 h6 10. Bh4 Ne4 11. cxd5 Nxc3 12. Bxe7 Nxe2+ 13. Qxe2 Qxe7 14. Rxc7
Bxd5 15. Ne5 Rfd8 16. Qb5 Qg5 17. e4 Bxe4 18. f3 Nxe5 19. dxe5 Bd3 20. Qc6 Qe3+
21. Kh1 Bxf1 22. Qc1 Qf2 23. Rc2 Bxg2# 0-1

[Event "London Classic - FIDE Open"]
[Site "Olympia"]
[Date "2009.12.11"]
[Round "5"]
[White "Posylek, Caesar Cezary"]
[Black "Campbell, Eoin"]
[Result "0-1"]
[WhiteElo "1708"]
[BlackElo "1910"]
[PlyCount "54"]
[EventDate "2009.??.??"]

1. e4 d6 2. d4 Nf6 3. Nc3 g6 4. h3 Bg7 5. Nf3 O-O 6. Bc4 Nxe4 7. Nxe4 d5 8.
Bxd5 Qxd5 9. Nc3 Qe6+ 10. Be3 Qa6 11. Qe2 Be6 12. Qxa6 Nxa6 13. a3 c5 14. O-O
Rfd8 15. Rad1 Bf5 16. Rd2 cxd4 17. Nxd4 Bxd4 18. Rfd1 Bb6 19. Bxb6 Rxd2 20.
Rxd2 axb6 21. Nd5 Kf8 22. Nxb6 Rb8 23. b4 Ke8 24. c4 Rd8 25. Nd5 Be6 26. Kf1
Bxd5 27. cxd5 Nc7 0-1

[Event "London Classic - FIDE Open"]
[Site "Olympia"]
[Date "2009.12.11"]
[Round "5"]
[White "Hoffmann, Piotr"]
[Black "Burnham, Frank"]
[Result "1/2-1/2"]
[WhiteElo "1748"]
[BlackElo "1812"]
[PlyCount "172"]
[EventDate "2009.??.??"]

1. Nc3 d5 2. e4 d4 3. Nce2 e5 4. Ng3 Nf6 5. Nf3 Bd6 6. Bc4 O-O 7. O-O c5 8. d3
Bg4 9. h3 Bd7 10. a3 b5 11. Ba2 Na6 12. Bd2 Nc7 13. Bg5 Be6 14. Nf5 Bxa2 15.
Rxa2 Nce8 16. Nh2 Rc8 17. Ng4 Rc6 18. Qf3 Bb8 19. Qg3 Re6 20. Ngh6+ Kh8 21. Ng4
Qb6 22. Bxf6 gxf6 23. Ngh6 c4 24. Raa1 a5 25. Qf3 Ng7 26. g3 Ree8 27. Qe2 Qe6
28. g4 Bc7 29. Kh1 Qc6 30. Rg1 Ne6 31. Rgc1 Nf4 32. Qf1 Qe6 33. Ng3 Ng6 34.
Nhf5 Rg8 35. Nh5 Nf4 36. Nxf4 exf4 37. f3 Be5 38. Qe1 Rc8 39. Qxa5 cxd3 40.
cxd3 Rxc1+ 41. Rxc1 Qb3 42. Qd2 Qe6 43. Qc2 Rg5 44. Qc8+ Rg8 45. Qxe6 fxe6 46.
Nh4 Kg7 47. Rc6 Kf7 48. Ng2 Rb8 49. Ne1 Rb7 50. Nc2 Ke7 51. Nb4 Kd7 52. Rc2 Bd6
53. Na2 b4 54. axb4 Bxb4 55. Kg2 Bd6 56. Kf2 Rb3 57. Ke2 Bc7 58. Nc1 Rb5 59. b3
Bd6 60. Ra2 Rb7 61. Ra5 e5 62. Ra4 Ke6 63. Kd1 Kf7 64. Kc2 Kg6 65. h4 h5 66.
gxh5+ Kxh5 67. Ra6 Be7 68. Ra8 Kxh4 69. Rg8 Ba3 70. Ne2 Kh5 71. Rg2 Kh6 72. Rg1
Rc7+ 73. Kb1 Bb4 74. Kb2 Rg7 75. Rxg7 Kxg7 76. Kc2 Kg6 77. Nc1 f5 78. Kd1 fxe4
79. dxe4 Kf6 80. Nd3 Bd6 81. Ke2 Ke6 82. Kd2 Kd7 83. Kc2 Kc6 84. b4 Kb5 85. Kb3
Bb8 86. Nc1 Bd6 1/2-1/2

[Event "London Classic - FIDE Open"]
[Site "Olympia"]
[Date "2009.12.11"]
[Round "5"]
[White "Green, Eliot Warren"]
[Black "Sabin, Frank"]
[Result "0-1"]
[WhiteElo "1522"]
[BlackElo "1690"]
[PlyCount "70"]
[EventDate "2009.??.??"]

1. d4 Nf6 2. Nc3 d5 3. Bg5 Nbd7 4. Bf4 e6 5. Nb5 Bb4+ 6. c3 Ba5 7. a4 a6 8. Na3
c6 9. b4 Bc7 10. Bxc7 Qxc7 11. e3 O-O 12. Bd3 e5 13. Ne2 e4 14. Bc2 Nb8 15. O-O
Ng4 16. Ng3 h5 17. h3 h4 18. hxg4 hxg3 19. Qe2 Kh7 20. Bd1 Rh8 21. Qe1 gxf2+
22. Qxf2 Kg8 23. Qf4 Qxf4 24. Rxf4 g5 25. Rf6 Kg7 26. Rf2 Be6 27. Be2 Nd7 28.
Raf1 Rh4 29. Nb1 Rah8 30. Rf5 Bxf5 31. Rxf5 Rh1+ 32. Kf2 Rxb1 33. Rxg5+ Kf8 34.
Rh5 Rxh5 35. gxh5 Nf6 {rest inconsequential, 59 moves} 0-1

[Event "London Classic - FIDE Open"]
[Site "Olympia"]
[Date "2009.12.12"]
[Round "6"]
[White "Hebden, Mark L"]
[Black "Williams, Simon K"]
[Result "1/2-1/2"]
[WhiteElo "2522"]
[BlackElo "2550"]
[PlyCount "112"]
[EventDate "2009.??.??"]

1. d4 Nf6 2. Nf3 d5 3. c4 e6 4. Bg5 c6 5. Nbd2 Nbd7 6. e3 h6 7. Bf4 Nh5 8. Be5
Nhf6 9. Bd3 b6 10. cxd5 exd5 11. O-O Be7 12. Qe2 Nxe5 13. Nxe5 Bd7 14. Ba6 Qc7
15. Rac1 O-O 16. Bb5 c5 17. Nxd7 Nxd7 18. dxc5 bxc5 19. e4 Nb6 20. exd5 Nxd5
21. Ne4 Rab8 22. Bc4 Nf6 23. Ng3 Bd6 24. b3 Be5 25. Qf3 g6 26. Rfd1 Kg7 27. Nf1
Rfd8 28. g3 h5 29. Ne3 Bd4 30. Rd3 Re8 31. Rxd4 Rxe3 32. Qxe3 cxd4 33. Qxd4 Rd8
34. Qc3 Qd6 35. Re1 Rd7 36. Re3 Qd1+ 37. Kg2 h4 38. Qe5 Rd2 39. Qf4 Nd5 40.
Bxd5 h3+ 41. Kxh3 Qh5+ 42. Kg2 Qxd5+ 43. Qe4 Qxe4+ 44. Rxe4 Rxa2 45. Ra4 Rb2
46. b4 g5 47. g4 Rb3 48. f3 Kf6 49. Kg3 Kg6 50. h4 gxh4+ 51. Kxh4 Rxf3 52. Rxa7
Rb3 53. Rb7 f6 54. Rb8 Rc3 55. b5 Rb3 56. b6 Kh6 1/2-1/2

[Event "London Classic - FIDE Open"]
[Site "Olympia"]
[Date "2009.12.12"]
[Round "6"]
[White "Cherniaev, Alexander"]
[Black "Cox, John J"]
[Result "1-0"]
[WhiteElo "2465"]
[BlackElo "2377"]
[PlyCount "91"]
[EventDate "2009.??.??"]

1. Nf3 c5 2. e4 e6 3. c3 d5 4. e5 Nc6 5. d4 Nh6 6. dxc5 Bxc5 7. b4 Bb6 8. Bxh6
gxh6 9. b5 Ne7 10. Qd2 Ng6 11. Qxh6 Qc7 12. Qg5 Qc5 13. Qd2 Bd7 14. a4 Qc7 15.
Qg5 Rg8 16. Ra2 Qd8 17. Qxd8+ Bxd8 18. g3 Bc7 19. Bd3 Nxe5 20. Nxe5 Bxe5 21.
Bxh7 Rg4 22. Bd3 Rc8 23. h3 Rg8 24. Kd2 d4 25. Rc2 Ke7 26. Rhc1 dxc3+ 27. Nxc3
Bd4 28. Ke1 Rc5 29. Ne2 Rxc2 30. Rxc2 Bb6 31. Kf1 e5 32. g4 Be6 33. Be4 Rb8 34.
Kg2 a6 35. Rb2 Bd7 36. a5 Bc7 37. b6 Bd6 38. Ng3 Bc5 39. Nf5+ Bxf5 40. Bxf5 Rd8
41. Be4 Rd7 42. h4 Rd4 43. Kf3 Ra4 44. Bxb7 Rxa5 45. Be4 Rb5 46. Rxb5 1-0

[Event "London Classic - FIDE Open"]
[Site "Olympia"]
[Date "2009.12.12"]
[Round "6"]
[White "Ansell, Simon T"]
[Black "McDonald, Neil"]
[Result "0-1"]
[WhiteElo "2387"]
[BlackElo "2412"]
[PlyCount "60"]
[EventDate "2009.??.??"]

1. e4 e6 2. d4 d5 3. Nd2 Nf6 4. e5 Nfd7 5. f4 c5 6. c3 Nc6 7. Ndf3 cxd4 8. cxd4
f5 9. a3 Be7 10. Bd3 O-O 11. Nh3 Nb6 12. Rg1 Bd7 13. g4 Be8 14. Qc2 Bg6 15. Qg2
Rc8 16. gxf5 exf5 17. Nhg5 Bxg5 18. Nxg5 Nxd4 19. Be3 Nb3 20. Rd1 Nc4 21. Bxc4
Rxc4 22. Qxd5+ Qxd5 23. Rxd5 Rc2 24. Rg3 Rfc8 25. Bd2 Rxb2 26. Rc3 Re8 27. Be3
h6 28. Nf3 Bh5 29. Ng1 Re7 30. Rb5 Rd7 0-1

[Event "London Classic - FIDE Open"]
[Site "Olympia"]
[Date "2009.12.12"]
[Round "6"]
[White "Gullaksen, Eirik"]
[Black "Aikhoje, Odion"]
[Result "0-1"]
[WhiteElo "2400"]
[BlackElo "2252"]
[PlyCount "132"]
[EventDate "2009.??.??"]

1. e4 Nf6 2. e5 Nd5 3. d4 d6 4. c4 Nb6 5. exd6 exd6 6. Bd3 Be7 7. Ne2 c6 8.
Nbc3 d5 9. c5 N6d7 10. Bf4 Nf8 11. O-O Ne6 12. Be3 O-O 13. b4 Nd7 14. b5 Bf6
15. bxc6 bxc6 16. Qa4 Qc7 17. Rab1 g6 18. f3 a5 19. Rb2 Bg7 20. Rfb1 f5 21. Bf2
f4 22. Qc2 Ba6 23. Bxa6 Rxa6 24. Rb7 Qc8 25. Na4 g5 26. Qd3 Ra8 27. Rxd7 Qxd7
28. Nb6 Qe7 29. Nxa8 Rxa8 30. Rb6 Qe8 31. h4 h6 32. hxg5 hxg5 33. Kf1 a4 34. a3
Rc8 35. Qa6 Ra8 36. Qb7 Rc8 37. Qa6 Ra8 38. Qd3 Rc8 39. Nc3 Qh5 40. Qf5 Re8 41.
Rxc6 Qh1+ 42. Bg1 Nxd4 43. Qxd5+ Kh8 44. Ne4 Nxc6 45. Qxc6 Rb8 46. Nd2 Bd4 47.
Ke2 Qxg2+ 48. Kd3 Bg7 49. Bd4 Bxd4 50. Qh6+ Kg8 51. Qe6+ Kh7 52. Qe4+ Kh6 53.
Qxd4 Kh5 54. Qd7 Kh4 55. c6 Rb2 56. Qh7+ Kg3 57. Ne4+ Kxf3 58. Qh5+ g4 59. Ng5+
Kf2 60. Ne4+ Kf1 61. Qd5 Qe2+ 62. Kd4 Qd1+ 63. Ke5 Qxd5+ 64. Kxd5 Rb8 65. Nd6
g3 66. c7 Ra8 0-1

[Event "London Classic - FIDE Open"]
[Site "Olympia"]
[Date "2009.12.12"]
[Round "6"]
[White "Stephan, Axel"]
[Black "Houska, Jovanka"]
[Result "0-1"]
[WhiteElo "2225"]
[BlackElo "2391"]
[PlyCount "88"]
[EventDate "2009.??.??"]

1. e4 c6 2. d3 d5 3. Nd2 e5 4. Ngf3 Nd7 5. g3 Ngf6 6. Bg2 Bc5 7. O-O O-O 8. c3
dxe4 9. dxe4 a5 10. Qc2 b5 11. a4 bxa4 12. Rxa4 Ba6 13. c4 Re8 14. Ra2 Bb7 15.
b3 Nb8 16. Nb1 Na6 17. Qe2 Qb6 18. Nfd2 Nb4 19. Ra4 Bd4 20. Nf3 c5 21. Nfd2 Bc6
22. Ra3 Rad8 23. Qf3 h6 24. Kh1 Re7 25. Nc3 Bxc3 26. Qxc3 Red7 27. f3 Nd3 28.
Nb1 Nxc1 29. Qxc1 Qb4 30. Kg1 Rd3 31. Qc2 a4 32. Qb2 axb3 33. Qxe5 Rd1 34. Qb2
Rxf1+ 35. Bxf1 Qe1 36. Rxb3 Rd1 37. Rb8+ Kh7 38. Qf2 Rxb1 39. Rxb1 Qxb1 40.
Qxc5 Bd7 41. g4 Be6 42. Qd4 Nd7 43. Qc3 Nb6 44. c5 Bc4 0-1

[Event "London Classic - FIDE Open"]
[Site "Olympia"]
[Date "2009.12.12"]
[Round "6"]
[White "Conquest, Stuart C"]
[Black "Piper, Matthew S"]
[Result "0-1"]
[WhiteElo "2563"]
[BlackElo "2304"]
[PlyCount "84"]
[EventDate "2009.??.??"]

1. d4 Nf6 2. c4 e6 3. Nf3 Bb4+ 4. Nbd2 O-O 5. a3 Be7 6. g3 b6 7. Bg2 Bb7 8. Qc2
c5 9. dxc5 bxc5 10. O-O Nc6 11. Rd1 Qb6 12. Nb3 a5 13. Bf4 a4 14. Nbd2 d6 15.
Bg5 Nd4 16. Nxd4 cxd4 17. Bxb7 Qxb7 18. Rab1 e5 19. Qf5 g6 20. Qh3 Nh5 21. Bxe7
Qxe7 22. Nf1 Rfc8 23. Rdc1 Ng7 24. Nd2 e4 25. Qh6 Ra5 26. b4 axb3 27. Nxb3 Rh5
28. Qf4 Rf5 29. Qg4 h5 30. Qh3 Qe5 31. Qg2 Ne6 32. Kh1 h4 33. Nd2 hxg3 34. fxg3
Nc5 35. Rf1 e3 36. Nf3 Qe4 37. Rb6 d3 38. Rxd6 d2 39. g4 Rf4 40. Rd4 Qxd4 41.
Nxd4 Rxf1+ 42. Qxf1 Ne4 0-1

[Event "London Classic - FIDE Open"]
[Site "Olympia"]
[Date "2009.12.12"]
[Round "6"]
[White "Crouch, Colin S"]
[Black "Arkell, Keith C"]
[Result "0-1"]
[WhiteElo "2346"]
[BlackElo "2464"]
[PlyCount "100"]
[EventDate "2009.??.??"]

1. d4 Nf6 2. Nf3 e6 3. c4 Bb4+ 4. Nbd2 d5 5. e3 O-O 6. Bd3 Nbd7 7. O-O b6 8. e4
dxe4 9. Nxe4 Bb7 10. Qe2 Nxe4 11. Bxe4 Bxe4 12. Qxe4 Nf6 13. Qc2 Be7 14. Rd1 c6
15. Bf4 Qc8 16. Rac1 Qb7 17. Be5 h6 18. Bxf6 Bxf6 19. b4 a5 20. a3 Rfd8 21. Qe4
axb4 22. axb4 Rd7 23. Ne5 Bxe5 24. dxe5 Rad8 25. Rxd7 Qxd7 26. h3 c5 27. b5 Qd4
28. Qc6 Qf4 29. Rf1 Qxe5 30. Qxb6 Rd4 31. Qc6 Rxc4 32. Qe8+ Kh7 33. Qxf7 Rb4
34. f4 Qe3+ 35. Kh2 Rb2 36. Qb7 Qe2 37. Rf2 Rxb5 38. Rxe2 Rxb7 39. Rxe6 Rc7 40.
Re3 Kg6 41. Kg3 h5 42. Kf3 c4 43. Rc3 h4 44. g3 hxg3 45. Ke4 Kh5 46. Rxg3 c3
47. Rg1 c2 48. Rc1 Kh4 49. Kf3 Rc3+ 50. Kg2 g6 0-1

[Event "London Classic - FIDE Open"]
[Site "Olympia"]
[Date "2009.12.12"]
[Round "6"]
[White "Hennigan, Michael T"]
[Black "Berzinsh, Roland"]
[Result "*"]
[WhiteElo "2385"]
[BlackElo "2424"]
[PlyCount "66"]
[EventDate "2009.??.??"]

1. Nf3 Nf6 2. g3 g6 3. Bg2 Bg7 4. O-O O-O 5. d3 d5 6. Nbd2 Nc6 7. c4 d4 8. a3
a5 9. b3 Nd7 10. Rb1 Nc5 11. Ne1 e5 12. Nc2 f5 13. b4 axb4 14. axb4 Na4 15. Bb2
e4 16. Nb3 Nxb2 17. Rxb2 Kh8 18. Rb1 exd3 19. exd3 f4 20. Nc5 Ra7 21. Ra1 Rxa1
22. Qxa1 f3 23. Bh1 Nxb4 24. Nxb4 Qe7 25. Qa7 b6 26. Nca6 Bh3 27. Rb1 Re8 28.
Nc2 Qe2 29. Nab4 h5 30. Qa1 Qxf2+ 31. Kxf2 Re2+ 32. Kxf3 Bg4+ 33. Kf4 Bh6# *

[Event "London Classic - FIDE Open"]
[Site "Olympia"]
[Date "2009.12.12"]
[Round "6"]
[White "Rudd, Jack"]
[Black "Ferguson, Mark"]
[Result "0-1"]
[WhiteElo "2296"]
[BlackElo "2410"]
[PlyCount "74"]
[EventDate "2009.??.??"]

1. e4 e5 2. Nf3 Nc6 3. Bb5 f5 4. Nc3 Nf6 5. d4 fxe4 6. Nxe5 Bb4 7. O-O O-O 8.
Bg5 Qe8 9. Bc4+ Kh8 10. Nxc6 dxc6 11. Qe2 Bf5 12. a3 Bd6 13. Rae1 Ng4 14. f4
exf3 15. Qxe8 Raxe8 16. Rxe8 Rxe8 17. gxf3 Nf6 18. Bf7 Re7 19. Bb3 h6 20. Bd2
Kh7 21. Re1 Rxe1+ 22. Bxe1 Bf4 23. Ne2 Be3+ 24. Bf2 Bxf2+ 25. Kxf2 g5 26. Ng3
Kg6 27. c4 Bb1 28. Ke3 g4 29. Bd1 gxf3 30. Bxf3 Kg5 31. Ne4+ Bxe4 32. Bxe4 Ng4+
33. Ke2 Nxh2 34. b4 Kf4 35. Bg6 Ng4 36. c5 Nf6 37. Bf7 Ke4 0-1

[Event "London Classic - FIDE Open"]
[Site "Olympia"]
[Date "2009.12.12"]
[Round "6"]
[White "Crawley, Gavin"]
[Black "Osborne, Marcus E"]
[Result "1-0"]
[WhiteElo "2407"]
[BlackElo "2232"]
[PlyCount "99"]
[EventDate "2009.??.??"]

1. e4 e6 2. d4 d5 3. Nc3 Bb4 4. e5 Ne7 5. Bd2 c5 6. a3 Bxc3 7. Bxc3 b6 8. Qg4
Nf5 9. Bd3 h5 10. Qe2 Nh4 11. g3 c4 12. gxh4 cxd3 13. Qxd3 Qxh4 14. Nf3 Qf4 15.
Rg1 Ba6 16. Qe3 Qxe3+ 17. fxe3 O-O 18. Kd2 f6 19. Bb4 Rf7 20. Rg2 Nc6 21. Rag1
fxe5 22. Ng5 Rf1 23. Nxe6 Rxg1 24. Rxg1 Bc8 25. Rxg7+ Kh8 26. Rg6 exd4 27. Nc7
Ne5 28. Rh6+ Kg7 29. Rxh5 Nf3+ 30. Kd3 Bg4 31. Rxd5 Rc8 32. Bd6 Ne1+ 33. Kxd4
Nxc2+ 34. Ke4 Kf7 35. Rd2 Ne1 36. Rf2+ Kg6 37. Rf1 Rd8 38. Rxe1 Rxd6 39. Rg1
Kh5 40. Nd5 Bc8 41. Ke5 Rc6 42. Rg2 Rc5 43. e4 Rc4 44. Nf6+ Kh4 45. Rg7 Rc2 46.
Rh7+ Kg5 47. h4+ Kg6 48. h5+ Kg5 49. Rg7+ Kh4 50. h6 1-0

[Event "London Classic - FIDE Open"]
[Site "Olympia"]
[Date "2009.12.12"]
[Round "6"]
[White "Franklin, Michael J"]
[Black "Quillan, Gary"]
[Result "1/2-1/2"]
[WhiteElo "2181"]
[BlackElo "2394"]
[PlyCount "91"]
[EventDate "2009.??.??"]

1. d4 c5 2. e3 Nf6 3. Nf3 g6 4. Be2 Bg7 5. O-O O-O 6. Re1 Qc7 7. c3 b6 8. Nbd2
Bb7 9. Bf1 d5 10. b4 Nbd7 11. a4 e5 12. bxc5 bxc5 13. Ba3 Rfe8 14. Rb1 Ne4 15.
Qb3 Nd6 16. Rec1 Rab8 17. Qa2 c4 18. dxe5 Nxe5 19. Nxe5 Bxe5 20. Nf3 Bg7 21.
Nd4 Qd7 22. a5 Ne4 23. Bb4 a6 24. Re1 Bc6 25. f3 Nd6 26. Nxc6 Qxc6 27. e4 dxe4
28. Bxd6 Rxb1 29. Rxb1 Qxd6 30. Bxc4 Qc7 31. fxe4 Rxe4 32. Bd5 Rf4 33. g3 Rf5
34. Kg2 Qe5 35. Rd1 h5 36. c4 h4 37. Qd2 hxg3 38. hxg3 Rg5 39. Qe1 Qb8 40. Qf2
Rf5 41. Qb6 Qe5 42. Rd2 Rf6 43. Qa7 Qe1 44. Rf2 Rxf2+ 45. Qxf2 Qxf2+ 46. Kxf2
1/2-1/2

[Event "London Classic - FIDE Open"]
[Site "Olympia"]
[Date "2009.12.12"]
[Round "6"]
[White "Bellin, Robert"]
[Black "Rowe, Duane"]
[Result "0-1"]
[WhiteElo "2388"]
[BlackElo "2194"]
[PlyCount "44"]
[EventDate "2009.??.??"]

1. d4 e6 2. Nf3 Nf6 3. e3 c5 4. Bd3 Qc7 5. c4 Nc6 6. O-O a6 7. Nc3 Bd6 8. Bd2
b6 9. Ne4 Nxe4 10. Bxe4 f5 11. Bd3 O-O 12. e4 Nxd4 13. Nxd4 cxd4 14. exf5 Bxh2+
15. Kh1 Bf4 16. Be4 Rb8 17. Bb4 Rf6 18. g3 Bb7 19. Bxb7 Qxb7+ 20. f3 Bxg3 21.
Qxd4 Rxf5 22. Qg4 Be5 0-1

[Event "London Classic - FIDE Open"]
[Site "Olympia"]
[Date "2009.12.12"]
[Round "6"]
[White "Lenier, Jude"]
[Black "Pcola, Pavol"]
[Result "0-1"]
[WhiteElo "1828"]
[BlackElo "2386"]
[PlyCount "70"]
[EventDate "2009.??.??"]

1. e4 e6 2. d4 d5 3. Nc3 Nf6 4. Bg5 Bb4 5. e5 h6 6. Bd2 Bxc3 7. bxc3 Ne4 8. Bd3
Nxd2 9. Qxd2 c5 10. f4 Qa5 11. Nf3 Nc6 12. g4 b6 13. Rf1 h5 14. h3 hxg4 15.
hxg4 g6 16. Rf2 Bd7 17. a4 O-O-O 18. Bb5 Nb8 19. Rb1 a6 20. Bxd7+ Rxd7 21. Ke2
Nc6 22. Rff1 Kb7 23. Ra1 Rh3 24. Qe3 Rc7 25. dxc5 Nd8 26. Ra3 Rxc5 27. Rb3 Rc4
28. Qg1 Rxc3 29. Rfb1 Rhxf3 30. Rxb6+ Kc7 31. Rb8 Rce3+ 32. Kd1 Rd3+ 33. Kc1
Qd2+ 34. Kb2 Qc3+ 35. Kc1 Rfe3 0-1

[Event "London Classic - FIDE Open"]
[Site "Olympia"]
[Date "2009.12.12"]
[Round "6"]
[White "Lagerman, Robert"]
[Black "Lasinskas, Povilas"]
[Result "1/2-1/2"]
[WhiteElo "2358"]
[BlackElo "2187"]
[PlyCount "105"]
[EventDate "2009.??.??"]

1. e4 e5 2. Nf3 Nc6 3. d4 exd4 4. Bc4 Nf6 5. e5 d5 6. Bb5 Ne4 7. Nxd4 Bd7 8.
Bxc6 Bxc6 9. O-O Qd7 10. f3 Nc5 11. Nc3 Ne6 12. Nxc6 Bc5+ 13. Kh1 bxc6 14. f4
g6 15. Qd3 Ng7 16. Na4 Bb6 17. b3 O-O 18. c4 Qe7 19. cxd5 cxd5 20. Qxd5 Rad8
21. Qf3 Nf5 22. Bb2 Rd2 23. Nxb6 Rxb2 24. Nd5 Qh4 25. Nf6+ Kg7 26. Ne4 Rd8 27.
Qc3 Re2 28. e6+ Kh6 29. Ng5 Re3 30. Nxf7+ Kh5 31. Qc5 Rd2 32. Rg1 Qxf4 33. Raf1
Qe4 34. e7 Rd5 35. Qxc7 Nxe7 36. Rf4 Qe6 37. g4+ Kh4 38. g5+ Kh5 39. Qc1 Qh3
40. Qf1 Rd2 41. Rf2 Rxf2 42. Qxf2 Nf5 43. Nh6 Nxh6 44. gxh6 Qe6 45. Rf1 Kxh6
46. Qf8+ Kh5 47. Qf7 Qe4+ 48. Kg1 Re2 49. Qxh7+ Kg5 50. Qh3 Qd4+ 51. Kh1 Qe4+
52. Kg1 Qd4+ 53. Kh1 1/2-1/2